[Event "Lisbon Christmas op"]
[Site "Lisbon"]
[Date "2014.12.27"]
[Round "2"]
[White "Silva, Jose Antonio Duarte"]
[Black "Morais, Vitor Mestre"]
[Result "0-1"]
[WhiteElo "1590"]
[BlackElo "1919"]
[PlyCount "110"]
[EventDate "2014.12.26"]
[EventType "swiss"]
[EventRounds "9"]
[EventCountry "POR"]
[SourceTitle "EXT 2018"]
[Source "ChessBase"]
[SourceDate "2017.10.13"]
[SourceVersion "1"]
[SourceVersionDate "2017.10.13"]
[SourceQuality "1"]

1. c4 c5 2. g3 Nf6 3. Bg2 d5 4. cxd5 Nxd5 5. e3 Nc6 6. Ne2 e5 7. Nec3 Nc7 8. 0-0 Be7 9. a3 0-0 10. d3 Be6 11. b3 Qd7 12. Qc2 Rad8 13. Rd1 Na5 14. Nd2 Qxd3 15. Qxd3 Rxd3 16. Bb2 Rfd8 17. Nf3 Rxd1+ 18. Rxd1 Rxd1+ 19. Nxd1 f6 20. Nd2 b6 21. b4 cxb4 22. axb4 Bxb4 23. Ne4 Nc4 24. Ba1 a5 25. Ndc3 h6 26. Na4 f5 27. Nec3 b5 28. Nxb5 Nxb5 29. Bc6 Nc7 30. Bc3 Kf7 31. Kf1 Ke7 32. Bf3 Kd6 33. Be2 Nb5 34. Bxb4+ axb4 35. Ke1 Nca3 36. Kd2 Bb3 37. Nb2 e4 38. Bh5 Nc4+ 39. Kc1 Nxb2 40. Kxb2 Be6 41. f3 exf3 42. Bxf3 Ke5 43. Bc6 Nc3 44. Kc2 Bd5 45. Bd7 Ne4 46. Be8 Nf6 47. Bb5 Ng4 48. Kd2 Nxh2 49. Kd3 Nf1 50. g4 fxg4 51. Bd7 g3 52. Ke2 g2 53. Kf2 Nxe3 54. Be8 b3 55. Bg6 b2 0-1

[Event "POR-ch prel"]
[Site "Lisbon"]
[Date "2013.07.15"]
[Round "1.22"]
[White "Silva, Jose Antonio Duarte"]
[Black "Santos, Julio Fernandes"]
[Result "0-1"]
[WhiteElo "1619"]
[BlackElo "1960"]
[PlyCount "66"]
[EventDate "2013.07.15"]
[EventType "swiss"]
[EventRounds "9"]
[EventCountry "POR"]
[SourceTitle "EXT 2015"]
[Source "ChessBase"]
[SourceDate "2014.11.20"]
[SourceVersion "1"]
[SourceVersionDate "2014.11.20"]
[SourceQuality "1"]

1. c4 e5 2. Nc3 Nf6 3. e3 c6 4. g3 d5 5. b3 a6 6. d4 Bb4 7. Nge2 Bg4 8. Bb2 Ne4 9. Qc2 Bf5 10. Qc1 Nd7 11. a3 Ba5 12. Bg2 dxc4 13. b4 Nxc3 14. Qxc3 Bc7 15. Qxc4 Nb6 16. Qc1 Qe7 17. 0-0 0-0 18. Qc5 Qe6 19. dxe5 Na4 20. Qc1 Nxb2 21. Qxb2 Bxe5 22. Nd4 Qf6 23. f4 Bc7 24. e4 Bxe4 25. Rfe1 Bxg2 26. Kxg2 Bb6 27. Rad1 Rad8 28. Re5 Qd6 29. Re4 Qd5 30. Kf3 f5 31. Qb3 fxe4+ 32. Kg4 Qxb3 33. Nxb3 Rxd1 0-1

[Event "POR-ch Seniors"]
[Site "Lisbon"]
[Date "2007.03.30"]
[Round "6"]
[White "Silva, Jose Antonio Duarte"]
[Black "Loureiro, Ernesto Oscar"]
[Result "1-0"]
[WhiteElo "1739"]
[BlackElo "1694"]
[PlyCount "33"]
[EventDate "2007.03.25"]
[EventType "swiss"]
[EventRounds "7"]
[EventCountry "POR"]
[SourceTitle "EXT 2018"]
[Source "ChessBase"]
[SourceDate "2017.10.13"]
[SourceVersion "1"]
[SourceVersionDate "2017.10.13"]
[SourceQuality "1"]

1. e4 e5 2. Nf3 Nc6 3. d4 exd4 4. Bc4 d6 5. Nxd4 Ne5 6. Bb3 Qh4 7. Qe2 Nf6 8. Nc3 Bg4 9. Nf3 Qh5 10. Qb5+ Nfd7 11. Nxe5 Qxe5 12. Qxb7 Rd8 13. 0-0 Qa5 14. Nd5 Nc5 15. Qc6+ Rd7 16. Bg5 h6 17. Qa8+ 1-0

[Event "POR-ch Seniors"]
[Site "Lisbon"]
[Date "2007.03.27"]
[Round "3"]
[White "Araujo, Mario Silva"]
[Black "Silva, Jose Antonio Duarte"]
[Result "1-0"]
[WhiteElo "1959"]
[BlackElo "1739"]
[PlyCount "54"]
[EventDate "2007.03.25"]
[EventType "swiss"]
[EventRounds "7"]
[EventCountry "POR"]
[SourceTitle "EXT 2018"]
[Source "ChessBase"]
[SourceDate "2017.10.13"]
[SourceVersion "1"]
[SourceVersionDate "2017.10.13"]
[SourceQuality "1"]

1. e4 e5 2. Nf3 Nf6 3. Nc3 Bb4 4. d3 d6 5. Bg5 0-0 6. a3 Bxc3+ 7. bxc3 Re8 8. Be2 Nbd7 9. Nd2 a6 10. 0-0 b5 11. f4 Bb7 12. fxe5 dxe5 13. Nf3 c5 14. Nh4 Qb6 15. Nf5 c4+ 16. Kh1 Nc5 17. Nxg7 Kxg7 18. Bxf6+ Kf8 19. Qd2 Re6 20. Qh6+ Ke8 21. Bg4 Rd6 22. Qg7 Ne6 23. Qg8+ Nf8 24. Bxe5 f6 25. Bh5+ Kd7 26. Qf7+ Kc6 27. Bxd6 Nd7 1-0

[Event "POR-ch Seniors"]
[Site "Lisbon"]
[Date "2007.03.25"]
[Round "1"]
[White "Silva, Jose Antonio Duarte"]
[Black "Santos, Julio Fernandes"]
[Result "0-1"]
[WhiteElo "1739"]
[BlackElo "2092"]
[PlyCount "84"]
[EventDate "2007.03.25"]
[EventType "swiss"]
[EventRounds "7"]
[EventCountry "POR"]
[SourceTitle "EXT 2018"]
[Source "ChessBase"]
[SourceDate "2017.10.13"]
[SourceVersion "1"]
[SourceVersionDate "2017.10.13"]
[SourceQuality "1"]

1. e4 e5 2. Nf3 Nc6 3. Bb5 a6 4. Ba4 Nf6 5. 0-0 d6 6. Re1 Bg4 7. c3 Be7 8. d4 b5 9. Bb3 0-0 10. d5 Na5 11. Bc2 c5 12. b4 Nb7 13. a3 c4 14. Bg5 Nh5 15. Bxe7 Qxe7 16. Re3 g6 17. Qe1 Bd7 18. Nbd2 f5 19. exf5 gxf5 20. Qd1 Nf4 21. Ne1 Qf7 22. Qf3 Nxd5 23. Qg3+ Kh8 24. Rf3 Rg8 25. Qh4 Nf4 26. h3 Bc6 27. Rxf4 exf4 28. Qxf4 Raf8 29. Ndf3 Qf6 30. Nd4 Be4 31. Rc1 Bxc2 32. Rxc2 Qe5 33. Qc1 f4 34. Nef3 Qh5 35. Kh2 Rg6 36. Qe1 Rfg8 37. g3 Rh6 38. h4 Nd8 39. Re2 Nc6 40. Qd2 Rf6 41. Nxc6 Qxf3 42. g4 Qxg4 0-1